000 00516nam a22001571 4500
082 0 0 _a515.8
_bGRA
_cL-2, P-54
100 1 _aGraves, Lawrence M.
_939336
245 1 4 _aThe theory of functions of real variables,
_cby Lawrence M. Graves ...
250 _a1st ed.
260 _aNew York,
_aLondon,
_bMcGraw-Hill book company, inc.,
_c1946.
300 _ax, 300 p.
_bdiagrs.
_c23 cm.
526 _a0
_b0
_c0
_d515_800000000000000_GRA
650 0 _aFunctions of real variables.
_935586
650 0 _aMCE
_9379
942 _2ddc
_cBK
999 _c543839
_d543839